[Event "Goiania Mega Modas Park op"]
[Site "Goiania"]
[Date "2023.04.09"]
[Round "6"]
[White "De Oliveira Valcarcel, Cecilia Maria"]
[Black "Soares Evangelista, Fabio"]
[Result "1/2-1/2"]
[WhiteElo "1812"]
[BlackElo "1531"]
[PlyCount "31"]
[EventDate "2023.04.07"]
[EventType "swiss"]
[EventRounds "6"]
[EventCountry "BRA"]
[SourceTitle "EXT 2024"]
[Source "ChessBase"]
[SourceDate "2023.10.10"]
[SourceVersion "1"]
[SourceVersionDate "2023.10.10"]
[SourceQuality "1"]

1. c4 Nf6 2. g3 e6 3. Bg2 d5 4. cxd5 exd5 5. Nf3 Bc5 6. 0-0 0-0 7. d3 c6 8. Bg5 Nbd7 9. Nbd2 h6 10. Bxf6 Nxf6 11. e4 dxe4 12. dxe4 Be6 13. Nb3 Bb6 14. Qc2 Qe7 15. Rad1 Rad8 16. h3 1/2-1/2